|
|
|
|
| LEADER |
02507nam a2200613 aa4500 |
| 001 |
nkc20102096501 |
| 003 |
CZ PrNK |
| 005 |
20241101122508.0 |
| 007 |
ta |
| 008 |
100414m20092010xr abc c p 000 0 cze |
| 015 |
|
|
|a cnb002096501
|
| 020 |
|
|
|a 978-80-7230-252-9
|q (učebnice ;
|q brož.)
|
| 020 |
|
|
|a 978-80-7230-253-6
|q (pracovní sešit ;
|q brož.)
|
| 035 |
|
|
|a (OCoLC)641519775
|
| 040 |
|
|
|a BOA001
|b cze
|d ABA001
|
| 072 |
|
7 |
|a 373.2/.3
|x Předškolní a primární výchova a vzdělávání
|2 Konspekt
|9 22
|
| 072 |
|
7 |
|a 37.016
|x Učební osnovy. Vyučovací předměty. Učebnice
|2 Konspekt
|9 22
|
| 080 |
|
|
|a 373.016:001.101-028.31
|2 MRF
|
| 080 |
|
|
|a 908
|2 MRF
|
| 080 |
|
|
|a 57.081.1
|2 MRF
|
| 080 |
|
|
|a (075.2)
|2 MRF
|
| 080 |
|
|
|a (076.1)
|2 MRF
|
| 080 |
|
|
|a (075)028
|2 MRF
|
| 100 |
1 |
|
|a Vaníček, Jakub,
|d 1980-
|7 mzk2009521555
|4 aut
|
| 245 |
1 |
0 |
|a Čítanka naučných textů :
|b [pro 4. a 5. ročník ZŠ] /
|c Jakub Vaníček
|
| 246 |
3 |
0 |
|a Člověk a jeho svět
|
| 260 |
|
|
|a Olomouc :
|b Prodos,
|c 2009-2010
|
| 300 |
|
|
|a 2 sv. :
|b il. (převážně barev.), mapy, portréty ;
|c 26 cm
|
| 490 |
1 |
|
|a Člověk a jeho svět
|
| 490 |
1 |
|
|a Modrá řada
|
| 500 |
|
|
|a Autor pracovního sešitu Petr Pláteník
|
| 505 |
0 |
|
|a učebnice. 2010. 127 s. -- pracovní sešit. 2009. 39 s.
|
| 650 |
0 |
7 |
|a prvouka
|7 ph115907
|2 czenas
|
| 650 |
0 |
7 |
|a vlastivěda
|7 ph137666
|2 czenas
|
| 650 |
0 |
7 |
|a přírodověda
|7 ph124940
|2 czenas
|
| 650 |
0 |
9 |
|a elementary school teaching
|2 eczenas
|
| 650 |
0 |
9 |
|a history and geography
|2 eczenas
|
| 650 |
0 |
9 |
|a natural history
|2 eczenas
|
| 655 |
|
7 |
|a učebnice základních škol
|7 fd133773
|2 czenas
|
| 655 |
|
7 |
|a pracovní sešity
|7 fd133116
|2 czenas
|
| 655 |
|
7 |
|a čítanky
|7 fd133984
|2 czenas
|
| 655 |
|
9 |
|a textbooks (elementary)
|2 eczenas
|
| 655 |
|
9 |
|a activity books
|2 eczenas
|
| 655 |
|
9 |
|a readers
|2 eczenas
|
| 700 |
1 |
|
|a Pláteník, Petr,
|d 1981-
|7 mzk2008430748
|4 aut
|
| 830 |
|
0 |
|a Modrá řada (Prodos)
|0 s
|
| 830 |
|
0 |
|a Člověk a jeho svět (Prodos)
|0 s
|
| 856 |
4 |
1 |
|u http://www.digitalniknihovna.cz/mzk/uuid/uuid:bce3f910-ae39-11ee-a51e-005056827e52
|y Digitalizovaný dokument
|x NDK
|
| 910 |
2 |
|
|a BOA001
|b 3-1241.133
|s učebnice, pracovní sešit
|
| 990 |
|
|
|a BK
|
| 995 |
|
|
|a 01
|
| 991 |
|
|
|b 201005
|c NOV
|
| 996 |
6 |
|
|b 2610433004
|c 3-1241.133
|d 1,učebnice
|v 1
|l MZK
|r Sklad / do 1 hodiny
|n 4
|p p.v.
|w 001119241
|u 000010
|a 1
|e BOA001
|j MZK50
|s P
|
| 996 |
6 |
|
|b 2610433005
|c 3-1241.133
|d 2,pracovní sešit
|v 2
|l MZK
|r Sklad / do 1 hodiny
|n 1
|p p.v.
|w 001119241
|u 000020
|a 1
|e BOA001
|j MZK50
|s P
|